000 00320nam a2200133 i 4500
001 bg
100 1 _aKASZYŃSKA, T.
245 0 _aZużycie energii w budynkach mieszkalnych /
_cT. Kaszyńska.
260 _aWarszawa,
_c1989.
040 _cBPK
041 _apol
942 _cKS
008 s pl f |000 0 pol
999 _c3952
_d3952
856 _uhttp://koha.tu.koszalin.pl/cgi-bin/koha/opac-detail.pl?biblionumber=3952
_yKatalog online BPK